Music Quiz

Random Music or Album Quiz

Songs on Teenage Dream Quiz Stats

 Plays Quiz Updated Mar 6, 2020

Support Sporcle.
Go Orange.
Score 0/12 Timer 02:00
0 Plays Today
Track # Song % Correct
1Teenage Dream
96.2%
3California Gurls
77%
4Firework
73.2%
2Last Friday Night (T.G.I.F)
72.5%
8E.T.
65.4%
7The One That Got Away
62.8%
5Peacock
53.2%
6Circle the Drain
41.4%
11Hummingbird Heartbeat
36.9%
10Pearl
36.8%
12Not Like the Movies
36%
9Who Am I Living For?
26.1%

You're not logged in!

Compare scores with friends on all Sporcle quizzes.
OR
Log In

From the Vault

Autumn Teddy Bears

by PrincessMartell

You just might fall in love with these adorable bears.
Remove Ads.
Support Sporcle.
Get the best of Sporcle when you Go Orange. This ad-free experience offers more features, more stats, and more fun while also helping to support Sporcle. Thank you for becoming a member.

Show Comments

Extras

Top Quizzes Today


Score Distribution

Your Account Isn't Verified!

In order to create a playlist on Sporcle, you need to verify the email address you used during registration. Go to your Sporcle Settings to finish the process.

Report this User

Report this user for behavior that violates our Community Guidelines.

Details: